Wind & water power
| Main Author: | |
|---|---|
| Format: | Book |
| Published: |
London :
Gloucester Press ,
1992
|
| Series: | World about us
|
| Subjects: |
MARC
| LEADER | 00000cam a2200000 7i4500 | ||
|---|---|---|---|
| 001 | 0000001261 | ||
| 002 | 000001390 | ||
| 005 | 20000330.0 | ||
| 020 | |a 0749608021 | ||
| 090 | 0 | 0 | |a J 030 |b WOR |
| 100 | 1 | |a Twist, Clint | |
| 245 | 1 | 0 | |a Wind & water power |c Clint Twist |
| 260 | |a London : |b Gloucester Press , |c 1992 | ||
| 300 | |a 32 p. : |b ill ; |c 17 cm. | ||
| 490 | 0 | |a World about us | |
| 650 | 0 | 0 | |a Wind power |x Juvenile literature |
| 999 | |a 031008 |b BUKU |c JUNIOR REFERENCE |e PERPUSTAKAAN KOMUNITI CAW KOTA DAMANSARA | ||